Plants that belong to amaranth family (Amaranthaceae) - sudden death - Statistics

General Stats
  • This quiz has been taken 25 times
  • The average score is 2 of 11
Answers on the Grid
Answers color-coded by a green-red scale on the quiz's grid according to % correct below.
Spinach
Cabbage
Arugula
Chard
Rhubarb
Parsnip
Woolflower (Celosia)
Amaryllis
Sugar beet
Sugarcane
Alligator weed
Kale
Knotweed
Prickly saltwort
Turnip
Quinoa
Buckwheat
White goosefoot
Carnation
Common cornsalad
Carrot
Beetroot
Lettuce
Soda
Pearl millet
Red-root Amaranth
Sorrel
Common wormwood
 
Answer Stats
Answer % Correct
Spinach
89%
Red-root Amaranth
33%
Chard
22%
Alligator weed
11%
Beetroot
11%
Quinoa
11%
Sugar beet
11%
Woolflower (Celosia)
11%
Soda
0%
Prickly saltwort
0%
White goosefoot
0%
No matching quizzes found
Score Distribution
Percent of People with Each Score
Percentile by Number Answered
Your Score History
You have not taken this quiz